Statystyki dla Państwa z największym równouprawnieniem osób LGBT

Kliknij tutaj aby rozwiązać quiz!

Ogólne statystyki

  • Ten quiz został rozwiązany 256 razy
    (253 od ostatniego zresetowania)
  • Średni wynik to 12 z 15

Statystyki odpowiedzi

Procent:Jest w UE?Kraj% Poprawnych
64,18%TakFrancja
92%
53,34%TakNiemcy
90%
61,74%TakHiszpania
88%
53,39%NieWielka Brytania
88%
67,69%TakSzwecja
86%
68,3%NieNorwegia
84%
60,37%TakFinlandia
83%
56,39%TakHolandia
82%
62,03%TakPortugalia
79%
71,52%TakBelgia
78%
73.78%TakDania
78%
62,88%NieIslandia
73%
92,02%TakMalta
71%
68,03%TakLuksemburg
68%
63,43%NieCzarnogóra
39%

Rozkład punktacji

Percentyl według liczby udzielonych odpowiedzi

Procent ludzi z każdym wynikiem

Twoja historia wyników

Nie rozwiązałeś tego quizu od ostatniego zresetowania